logo

Bir Sreshtho Munshi Abdur Rouf Library
Jhenaidah Cadet College

Introduction to the Queen's English / (Record no. 8885)

MARC details
000 -LEADER
fixed length control field 00585nam a22002172 4500
001 - CONTROL NUMBER
JCCL Control Number 8885
003 - CONTROL NUMBER IDENTIFIER
JCCL marc code BD - JhCC
005 - DATE AND TIME OF LATEST TRANSACTION
control field 20180627085543.0
008 - FIXED-LENGTH DATA ELEMENTS--GENERAL INFORMATION
fixed length control field 840403s1959 enk 000 0 eng d
035 ## - SYSTEM CONTROL NUMBER
system control number (BD - JhCC)8885
040 ## - CATALOGING SOURCE
Original cataloging agency CSF
Transcribing agency CSF
Modifying agency UKM
-- EQO
-- BD - JhCC
041 ## - LANGUAGE CODE
Language code of Book eng
082 04 - DEWEY DECIMAL CLASSIFICATION NUMBER
Classification number 428
DDC Edition number 18
Author mark and Year ROB 1959
090 ## - LOCALLY ASSIGNED LC-TYPE CALL NUMBER (OCLC); LOCAL CALL NUMBER (OCLC)
Classification number (OCLC) (R) ; Classification number, CALL (RLIN) (NR) PE1065
Local cutter number (OCLC) ; Book number/undivided call number, CALL (RLIN) .R624x
100 1# - MAIN ENTRY--PERSONAL NAME
Personal name Robertson, Alexander Ritchie.
245 00 - TITLE STATEMENT
Title Introduction to the Queen's English /
Remainder of title Alexander Ritchie Robertson
260 ## - PUBLICATION, DISTRIBUTION, ETC. (IMPRINT)
Place of publication, distribution, etc [London] :
Name of publisher, distributor, etc Longmans,
Date of publication, distribution, etc [1959]
300 ## - PHYSICAL DESCRIPTION
Pagination xi, 308 p.
942 ## - ADDED ENTRY ELEMENTS (KOHA)
Source of classification or shelving scheme Dewey Decimal Classification
Koha item type Books
Holdings
Source of classification or shelving scheme Damaged status Not for loan Home library Current library Shelving location Total Checkouts Full call number Barcode Date last seen Copy number Koha item type
Dewey Decimal Classification     JCC Rouf Library JCC Rouf Library General Stacks   428 ROB 1959 11431 03/05/2018 C - 1 Books

JCC Library | Contacts | JCC Home

Last Update on 23 September 2017
Copyright @ 2017-2020 JCC Rouf Library
Rouf Library, Jhenidah Cadet College (JCC), Bangladesh